Kariérová adaptabilita : Její podoby, proměny, souvislosti a role v životě mladých dospělých procházejících středním odborným vzděláváním.

Bibliographic Details
Main Author: Hlaďo, Petr.
Other Authors: Kvasková, Lucia., Hloušková, Lenka., Lazarová, Bohumíra., Ježek, Stanislav., Juhaňák, Libor., Macek, Petr., Daňsová, Petra., Gottfried, Jaroslav., Palíšek, Petr.
Format: eBook
Language:Czech
Published: Brno : Masaryk University, 2020.
Edition:1st ed.
Subjects:
Online Access:Click to View
LEADER 04967nam a22004813i 4500
001 EBC6913585
003 MiAaPQ
005 20231204023221.0
006 m o d |
007 cr cnu||||||||
008 231204s2020 xx o ||||0 cze d
020 |a 9788021096929  |q (electronic bk.) 
020 |z 9788021096660 
035 |a (MiAaPQ)EBC6913585 
035 |a (Au-PeEL)EBL6913585 
035 |a (OCoLC)1305843976 
040 |a MiAaPQ  |b eng  |e rda  |e pn  |c MiAaPQ  |d MiAaPQ 
100 1 |a Hlaďo, Petr. 
245 1 0 |a Kariérová adaptabilita :  |b Její podoby, proměny, souvislosti a role v životě mladých dospělých procházejících středním odborným vzděláváním. 
250 |a 1st ed. 
264 1 |a Brno :  |b Masaryk University,  |c 2020. 
264 4 |c {copy}2020. 
300 |a 1 online resource (215 pages) 
336 |a text  |b txt  |2 rdacontent 
337 |a computer  |b c  |2 rdamedia 
338 |a online resource  |b cr  |2 rdacarrier 
505 0 |a Intro -- Obsah -- Úvod -- Kapitola 1: Kariérová adaptabilita v kontextu teorie konstruování kariéry -- 1.1 Teorie konstruování kariéry -- 1.2 Adaptivita, adaptabilita a adaptace -- 1.3 Vymezení kariérové adaptability -- 1.4 Nástroje pro měření kariérové adaptability -- 1.5 Kariérová adaptabilita jako předmět výzkumu -- 1.6 Z výsledků výzkumů -- Shrnutí -- Kapitola 2: Metodologie výzkumu kariérové adaptability -- 2.1 Cíle výzkumu -- 2.2 Organizace výzkumu a respondenti -- 2.3 Nástroje sběru dat -- Shrnutí -- Kapitola 3: Kariérová adaptabilita a její vztah k vybraným charakteristikám respondentů -- 3.1 Kariérová adaptabilita a její dimenze -- 3.2 Pohlaví a kariérová adaptabilita -- 3.3 Vzdělání a kariérová adaptabilita -- 3.4 Využívání služeb kariérového poradenství a kariérová adaptabilita -- 3.5 Prediktory kariérové adaptability -- Shrnutí -- Kapitola 4: Kariérová adaptabilita perspektivou času -- 4.1 Poznatky z výzkumu -- 4.2 Zhodnocení získaných poznatků -- Shrnutí -- Kapitola 5: Vliv sociální opory na kariérovou adaptabilitu -- 5.1 Rodičovská podpora -- 5.2 Podpora učitelů -- 5.3 Vrstevnická podpora -- 5.4 Celková sociální opora -- 5.5 Zkoumání vlivu sociální opory na kariérovou adaptabilitu -- 5.6 Zhodnocení získaných poznatků -- Shrnutí -- Kapitola 6: Sebehodnocení jako prostředník mezi sociální oporou a kariérovou adaptabilitou -- 6.1 Zkoumání sebehodnocení a jeho vztahu ke kariérové adaptabilitě -- 6.2 Zhodnocení získaných poznatků -- Shrnutí -- Kapitola 7: Profesní identita jako ukazatel kariérové adaptace -- 7.1 Zkoumání vztahu mezi kariérovou adaptabilitou, sebeúčinností a profesní identitou -- 7.2 Zhodnocení získaných poznatků -- Shrnutí -- Kapitola 8: Vliv kariérové adaptability, sebehodnocení a pracovních hodnot na životní spokojenost -- 8.1 Kariérová adaptabilita a životní spokojenost -- 8.2 Sebehodnocení a životní spokojenost. 
505 8 |a 8.3 Role pracovních hodnot ve vztahu mezi kariérovou adaptabilitou, sebehodnocením a životní spokojeností -- 8.4 Popisné statistiky a korelace mezi zkoumanými proměnnými -- 8.5 Mediační analýza - celkové a přímé vlivy -- 8.6 Mediační analýza - nepřímé vlivy -- 8.7 Zhodnocení získaných poznatků -- Shrnutí -- Kapitola 9: Absolventi středního odborného vzdělávání na trhu práce - liší se zaměstnaní a nezaměstnaní? -- 9.1 Přechod absolventů středního odborného vzdělávání na trh práce -- 9.2 Hledání faktorů zvyšujících šanci na získání zaměstnaneckého statusu -- 9.3 Rozdíly mezi zaměstnanými a nezaměstnanými absolventy -- 9.4 Faktory zvyšující šanci na získání zaměstnaneckého statusu -- 9.5 Zhodnocení získaných poznatků -- Shrnutí -- Závěr -- Shrnutí -- Summary -- Literatura -- O autorech -- Příloha -- Věcný rejstřík. 
588 |a Description based on publisher supplied metadata and other sources. 
590 |a Electronic reproduction. Ann Arbor, Michigan : ProQuest Ebook Central, 2023. Available via World Wide Web. Access may be limited to ProQuest Ebook Central affiliated libraries.  
655 4 |a Electronic books. 
700 1 |a Kvasková, Lucia. 
700 1 |a Hloušková, Lenka. 
700 1 |a Lazarová, Bohumíra. 
700 1 |a Ježek, Stanislav. 
700 1 |a Juhaňák, Libor. 
700 1 |a Macek, Petr. 
700 1 |a Daňsová, Petra. 
700 1 |a Gottfried, Jaroslav. 
700 1 |a Palíšek, Petr. 
776 0 8 |i Print version:  |a Hlaďo, Petr  |t Kariérová adaptabilita  |d Brno : Masaryk University,c2020  |z 9788021096660 
797 2 |a ProQuest (Firm) 
856 4 0 |u https://ebookcentral.proquest.com/lib/matrademy/detail.action?docID=6913585  |z Click to View